Service Marketing MBA SEM.4 (Record no. 273)
[ view plain ]
| 000 -LEADER | |
|---|---|
| fixed length control field | 00286nam a2200121Ia 4500 |
| 008 - FIXED-LENGTH DATA ELEMENTS--GENERAL INFORMATION | |
| fixed length control field | 191201s2009 xx 000 0 und d |
| 100 ## - MAIN ENTRY--PERSONAL NAME | |
| Personal name | PEERUMOHAMED, H |
| 245 #0 - TITLE STATEMENT | |
| Title | Service Marketing MBA SEM.4 |
| 260 ## - PUBLICATION, DISTRIBUTION, ETC. (IMPRINT) | |
| Place of publication, distribution, etc | N. Delhi |
| Name of publisher, distributor, etc | Vikas Pub |
| Date of publication, distribution, etc | 2009 |
| 300 ## - PHYSICAL DESCRIPTION | |
| Extent | 297 |
| 650 ## - SUBJECT ADDED ENTRY--TOPICAL TERM | |
| Topical term or geographic name as entry element | MBA |
| 942 ## - ADDED ENTRY ELEMENTS (KOHA) | |
| Source of classification or shelving scheme | Dewey Decimal Classification |
| Koha item type | Text Books |
| Withdrawn status | Lost status | Source of classification or shelving scheme | Damaged status | Not for loan | Collection code | Home library | Current library | Date acquired | Source of acquisition | Bill Number | Total Checkouts | Acc. no. / Barcode | Date last seen | Bill Date | Koha item type | Public note |
|---|---|---|---|---|---|---|---|---|---|---|---|---|---|---|---|---|
| Dewey Decimal Classification | MBA | PIET C-LIBRARY | PIET C-LIBRARY | 05/08/2017 | Donated by Dr.Pooja Walia | Donated by Dr.Pooja Walia | 29583 | 04/12/2019 | 01/05/2017 | Text Books | Donated by Dr.Pooja Walia | |||||
| Dewey Decimal Classification | MBA | PIET C-LIBRARY | PIET C-LIBRARY | 05/08/2017 | Donated by Dr.Pooja Walia | Donated by Dr.Pooja Walia | 29584 | 04/12/2019 | 01/05/2017 | Text Books | Donated by Dr.Pooja Walia | |||||
| Dewey Decimal Classification | MBA | PIET C-LIBRARY | PIET C-LIBRARY | 05/08/2017 | Donated by Dr.Pooja Walia | Donated by Dr.Pooja Walia | 29585 | 04/12/2019 | 01/05/2017 | Text Books | Donated by Dr.Pooja Walia |